| 000 | 00612nam a2200181 i 4500 | ||
|---|---|---|---|
| 001 | 163413 | ||
| 003 | ES-MaACL | ||
| 005 | 20250730063144.0 | ||
| 008 | 940301s1897 sp |||| | spa d | ||
| 040 |
_aAS _bspa |
||
| 100 | 1 |
_aReyes, Arturo, _d1864-1913 _996560 |
|
| 245 | 1 | 3 |
_aEl Lagar de la Viñuela _b: (novela andaluza) / _cArturo Reyes. |
| 260 |
_aMadrid : _bLa España Editorial, _c[s.a.] |
||
| 300 |
_a326 p. ; _c18 cm. |
||
| 596 | _aPalau XVI, 397 lo fecha en 1897. | ||
| 852 |
_aES-MaACL _jF-9998 _z-- Enc. pasta _x-- Añadir en T260: (Sucesores de Rivadeneyra) |
||
| 999 |
_c163413 _d163413 |
||